<The> Economic Impact of Mega Sports Events
Hrubý domáci produkt a olympiáda. Náklady na hry a náklady súvisiace so športom.
Salvato in:
| Autore principale: | |
|---|---|
| Natura: | Capitolo di libro |
| Lingua: | inglese |
| Soggetti: | |
| Tags: |
Nessun Tag, puoi essere il primo ad aggiungerne!!
|
MARC
| LEADER | 00000naa a2200000 4500 | ||
|---|---|---|---|
| 001 | 0233966 | ||
| 005 | 20240502073809.8 | ||
| 041 | 0 | |a eng | |
| 044 | |a SK | ||
| 245 | 1 | 0 | |a <The> Economic Impact of Mega Sports Events |c Patrik Klimko |
| 520 | |a Hrubý domáci produkt a olympiáda. Náklady na hry a náklady súvisiace so športom. | ||
| 610 | 2 | 0 | |a produkt domáci hrubý |
| 610 | 2 | 0 | |a šport |
| 610 | 2 | 0 | |a porovnanie medzinárodné |
| 610 | 2 | 0 | |a náklady |
| 610 | 2 | 0 | |a mestá |
| 100 | 1 | |a Klimko, Patrik | |